000 nam a22 7a 4500
999 _c128644
_d128644
008 181123b xxu||||| |||| 00| 0 eng d
050 _aNC765.S745
100 _aSpencer, Roy
_943632
245 _aDraw the human body
_c/by Roy Spencer
260 _aLondon:
_bA & C Black,
_c1996
300 _a48p.;
_c28cm.
650 _aDrawing
_xHuman body
_943633
942 _2lcc
_cMONOGRAPH